Operacionalismo : acercamiento a los postulados y las implicaciones de un proyecto empirista /
A partir de la reflexión sobre una experiencia de investigación empírica, la tesis elabora una serie de análisis y reconstrucciones epistemológicas del operacionalismo en la investigación. Parte de que es común que la investigación de la comunicación en las universidades se inicie en la ignorancia d...
Guardat en:
| Autor principal: | |
|---|---|
| Format: | Thesis Llibre |
| Idioma: | espanyol |
| Publicat: |
Guadalajara, México :
edición de autor,
1984
|
| Matèries: | |
| Etiquetes: |
Sense etiquetes, Sigues el primer a etiquetar aquest registre!
|
MARC
| LEADER | 00000nam^a2200000^a^4500 | ||
|---|---|---|---|
| 001 | 000043819 | ||
| 005 | 20250521000000.0 | ||
| 009 | 20260310085829.151 | ||
| 037 | |a Acervo ITESO - Biblioteca | ||
| 041 | |a ESP | ||
| 090 | |a CCO. 87 | ||
| 100 | |a Cervantes Barba, Cecilia |e (autor) | ||
| 245 | 1 | 0 | |a Operacionalismo : |b acercamiento a los postulados y las implicaciones de un proyecto empirista / |c C. Cervantes Barba. |
| 264 | 1 | |a Guadalajara, México : |b edición de autor, |c 1984 | |
| 300 | |a 148 p. | ||
| 336 | |a texto |b txt |2 rdacontenido | ||
| 337 | |a sin mediación |b n |2 rdamedio | ||
| 338 | |a volumen |b nc |2 rdasoporte | ||
| 502 | |a ITESO Tesis de Licenciatura en Ciencias de la Comunicación | ||
| 520 | |a A partir de la reflexión sobre una experiencia de investigación empírica, la tesis elabora una serie de análisis y reconstrucciones epistemológicas del operacionalismo en la investigación. Parte de que es común que la investigación de la comunicación en las universidades se inicie en la ignorancia de los problemas epistemológicos y metodológicos en general que plantea la práctica científica, y en la negación libre o forzada de los propios alcances, sucumbiendo ante los planteamientos del empirismo y de algunas prácticas en que se sacrifica la calidad de los datos por su cantidad. Cuando el operacionalismo se toma como algo indispensable para el trabajo de investigación o de teorización, en muchos momentos se puede presentar como un obstáculo, convirtiéndose en algo incomprensible que no se sabe cómo darle forma. Probablemente el rigorismo que desencadena ese afán de operacionalización sin contar con los referentes e instrumentos suficientes, es lo que frena la construcción de explicaciones y produce cuando más, una representación fijista y a veces absurda de la realidad. | ||
| 649 | |a XX | ||
| 650 | |a Epistemología - |x Tema Principal | ||
| 650 | |a Comunicación - |x Metodología | ||
| 650 | |a Ciencias Sociales | ||
| 910 | |a Fondo General | ||
| 920 | |a Impresos - Tesis del ITESO | ||
| 930 | |a Colección General | ||
| 905 | |a 104 | ||
| 901 | |a T005770100 |b IT2 |c TSS |i 800577 |u 20250521 | ||
| 902 | |a https://opac.biblio.iteso.mx/vufind/Record/000043819 | ||